000 00458nam a2200181Ia 4500
001 11570
005 20260306162837.0
008 260306t2021||||xx |||||||||||||| ||spa||
041 _aESP
082 _a985.092
_bU61
100 _aUniversidad César Vallejo
_eAUT
245 0 _a200 años, 200 rostros:
_bpersonajes del bicentenario
260 _c2021
300 _a214 páginas :
_c28 cm.
650 _aGEN
654 _aCHU
942 _cLIB
_dJUS
_fJUS
_2ddc
_n
999 _c11570
_d11570